JAKIE SKLEPY NAJCZĘŚCIEJ SPOTKAMY W GALERII HANDLOWEJ? - Statystyki

Ogólne statystyki
  • Ten quiz został rozwiązany 2 052 razy
    1 357 od ostatniego zresetowania
  • Średni wynik to 6 z 13
Statystyki odpowiedzi
Hint Odpowiedź % Poprawnych
2. H&M
78%
10. SINSEY
63%
1. CCC
57%
4. RESERVED
57%
7. ZARA
57%
3. CROPP
55%
5. HOUSE
50%
12. ROSSMANN
48%
9. EMPIK
45%
8. HEBE
37%
6. ADIDAS
34%
13. SMYK
31%
11. VISION EXPRESS
3%
Nie znaleziono quizów pasujących do podanych kryteriów
Rozkład punktacji
Procent ludzi z każdym wynikiem
Percentyl według liczby udzielonych odpowiedzi
Twoja historia wyników
Nie rozwiązałeś tego quizu od ostatniego zresetowania